000 00276nam a22001217a 4500
008 170623b xxu||||| |||| 00| 0 eng d
041 _aeng
080 _a94(7/8)
100 _a18
101 _aSHH
245 _aREADIBGS IN AMERICAN HISTORY
_cDEUSEN.G.V
942 _2udc
_cBK
999 _c19007
_d19007